|
|
|
|
| LEADER |
00000nam0a2200000 4500 |
| 001 |
293661 |
| 005 |
20231102000621.0 |
| 020 |
|
|
|a RU
|b 84-393
|
| 035 |
|
|
|a (RuTPU)RU\TPU\book\318701
|
| 090 |
|
|
|a 293661
|
| 100 |
|
|
|a 20150505d1982 k y0rusy5003 ca
|
| 101 |
0 |
|
|a rus
|
| 102 |
|
|
|a RU
|
| 105 |
|
|
|a a z 001zy
|
| 200 |
1 |
|
|a Гидротехнические сооружения и механизация гидромелиоративного строительства в Сибири
|e сборник статей
|f Сибирский научно-исследовательский институт гидротехники и мелиорации (СибНИИГим) ; под ред. Г. А. Морозова
|
| 210 |
|
|
|a Красноярск
|c Изд-во СибНИИГиМ
|d 1982
|
| 215 |
|
|
|a 102 с.
|c ил.
|
| 320 |
|
|
|a Библиография в конце статей
|
| 606 |
|
|
|a Гидротехнические работы
|x Механизация
|y Гидромелиарация
|2 stltpush
|3 (RuTPU)RU\TPU\subj\38668
|9 59041
|
| 610 |
1 |
|
|a Сибирь
|
| 610 |
1 |
|
|a гидротехнические сооружения
|
| 610 |
1 |
|
|a гидромелиоративное строительство
|
| 610 |
1 |
|
|a проектирование
|
| 675 |
|
|
|a 626.8
|v 3
|
| 702 |
|
1 |
|a Морозов
|b Г. А.
|g Георгий Аркадьевич
|4 340
|
| 712 |
0 |
2 |
|a Сибирский научно-исследовательский институт гидротехники и мелиорации (СибНИИГим)
|2 stltpush
|3 (RuTPU)RU\TPU\col\11698
|
| 801 |
|
0 |
|a RU
|b RuMRKP
|c 19950704
|g psbo
|
| 801 |
|
1 |
|a RU
|b 63413507
|c 20150505
|
| 801 |
|
2 |
|a RU
|b 63413507
|c 20171005
|g RCR
|
| 942 |
|
|
|c BK
|